000 00545nam a2200181Ia 4500
003 GCL
008 140319s9999 xx 000 0 eng d
040 _aGCL /
_cGCL
082 0 4 _aCC
_b726.962
_bT E
100 1 _aTAREK, MOHAED REFAAT SAKR
245 1 0 _aEARLY TWENTIETH - CENTURY ISLAMIC ARCHITECTURE IN CAIRO /
_cTAREK, MOHAED REFAAT SAKR
260 _a[S.N] :
_bTHE AMERICAN UNIVERSITY IN CAIRO PRESS ،
_c1992
650 0 4 _aISLAM - ARCHAEOLOGY
650 0 4 _aARCHITECTURE
650 0 4 _aCAIRO
650 0 4 _aISLAMIC STYLE
942 _2ddc
_cBK
999 _c16985
_d16985